000 00533nam a2200205 a 4500
001 BRCA_6830
005 20190320205617.0
008 210911s1910----gw-#######---#000-0#eng-#
041 _aeng
044 _agw
050 4 _aPZ3
_b.K554Li 1910
100 1 _aKipling, Rudyard
_d1865-1936
_916069
245 1 0 _aThe light that failed
_cby Rudyard Kipling.
260 _aLeipzig, Alemania
_bEnglish Library
_c1910
300 _a278 p.
_c16 cm.
500 _aO10
650 1 4 _aLiteratura inglesa
_917032
902 _aGFM
942 _2lcc
_cB
999 _c6513
_d6513